Ten Countries With Worst State Of Democracy By Continent - Statistics

General Stats
  • This quiz has been taken 69 times
  • The average score is 32 of 40
Answer Stats
Continent Country % Correct
Europe Belarus
97%
Europe Russia
97%
Asia-Oceania North Korea
95%
Europe Ukraine
95%
Americas Guatemala
93%
Americas Nicaragua
93%
Africa Democratic Republic of the Congo
91%
Africa Sudan
91%
Americas Cuba
90%
Americas Haiti
90%
Europe Moldova
90%
Europe Serbia
90%
Americas Venezuela
90%
Americas El Salvador
88%
Asia-Oceania Yemen
88%
Americas Honduras
86%
Asia-Oceania Syria
86%
Europe Bosnia and Herzegovina
84%
Asia-Oceania Iran
84%
Africa Libya
84%
Africa Chad
83%
Europe Montenegro
83%
Europe North Macedonia
83%
Americas Bolivia
81%
Asia-Oceania Saudi Arabia
81%
Europe Albania
79%
Europe Romania
78%
Africa Central African Republic
74%
Asia-Oceania China
74%
Africa Eritrea
72%
Asia-Oceania Turkmenistan
72%
Americas Mexico
69%
Africa Burundi
66%
Asia-Oceania Laos
66%
Asia-Oceania Tajikistan
66%
Africa Djibouti
60%
Asia-Oceania Uzbekistan
60%
Americas Guyana
59%
Africa Equatorial Guinea
45%
Africa Guinea-Bissau
41%
No matching quizzes found
Score Distribution
Percent of People with Each Score
Percentile by Number Answered
Your Score History
You have not taken this quiz